000 00323nam a2200133Ia 4500
005 20260328104316.0
008 260328s9999||||xx |||||||||||||| ||und||
100 _aTaylor, James
245 0 _aSustainable Urban Landscapes /
_cJames Taylor
260 _bFoundation
300 _a95 p.
650 _aURBANISMO
942 _cBK
999 _c11146
_d11146